<?xml version="1.0" encoding="UTF-8"?>
<record
    xmlns:xsi="http://www.w3.org/2001/XMLSchema-instance"
    xsi:schemaLocation="http://www.loc.gov/MARC21/slim http://www.loc.gov/standards/marcxml/schema/MARC21slim.xsd"
    xmlns="http://www.loc.gov/MARC21/slim">

  <leader>01831nab a2200241uuc4500</leader>
  <controlfield tag="001">1290071</controlfield>
  <controlfield tag="005">20240221091657.0</controlfield>
  <controlfield tag="008">120713e20111201                    spa  </controlfield>
  <datafield tag="035" ind1=" " ind2=" ">
    <subfield code="a">1290071</subfield>
  </datafield>
  <datafield tag="035" ind1=" " ind2=" ">
    <subfield code="a">(OCoLC)820649626</subfield>
  </datafield>
  <datafield tag="040" ind1=" " ind2=" ">
    <subfield code="c">comduadb</subfield>
  </datafield>
  <datafield tag="041" ind1=" " ind2=" ">
    <subfield code="a">spa</subfield>
  </datafield>
  <datafield tag="100" ind1="1" ind2="0">
    <subfield code="a">Polanco S&#xE1;nchez, Lady Andrea</subfield>
    <subfield code="4">aut</subfield>
    <subfield code="e">aut</subfield>
    <subfield code="9">622769</subfield>
  </datafield>
  <datafield tag="245" ind1="1" ind2="0">
    <subfield code="a">Adquisici&#xF3;n de la respuesta de congelamiento en ratas: diferencias sexuales en adolescentes y adultos</subfield>
  </datafield>
  <datafield tag="520" ind1="3" ind2=" ">
    <subfield code="a">El Condicionamiento Pavloviano de Miedo es uno de los modelos precl&#xED;nicos m&#xE1;s comunes en el estudio del Trastorno de Estr&#xE9;s Post-traum&#xE1;tico. El objetivo de la presente investigaci&#xF3;n consisti&#xF3; en utilizarlo como biomodelo para el estudio de las diferencias sexuales que caracterizan este s&#xED;ndrome, as&#xED; como elaborar una descripci&#xF3;n preliminar de las diferencias a lo largo de la trayectoria ontogen&#xE9;tica. Se utilizaron 45 sujetos, de tres camadas diferentes de ratas ingenuas de ascendencia Wistar, 18 machos y 27 hembras, dos aproximadamente por camada para cada uno de los dos grupos experimentales: animales adolescentes y adultos. Los resultados se&#xF1;alan diferencias significativas en la segunda medici&#xF3;n del est&#xED;mulo condicionado en la interacci&#xF3;n entre sexo y edad y al comparar las tres mediciones del est&#xED;mulo condicionado. Se discuten los resultados en torno a las discrepancias en la literatura respecto al efecto de las variables evaluadas en la adquisici&#xF3;n de miedo condicionado.</subfield>
  </datafield>
  <datafield tag="650" ind1=" " ind2="7">
    <subfield code="a">Miedo</subfield>
    <subfield code="2">lemb</subfield>
    <subfield code="9">46</subfield>
  </datafield>
  <datafield tag="650" ind1=" " ind2=" ">
    <subfield code="a">Diferencias sexuales (Psicolog&#xED;a)</subfield>
    <subfield code="9">64102</subfield>
  </datafield>
  <datafield tag="650" ind1=" " ind2=" ">
    <subfield code="a">Congelamiento</subfield>
    <subfield code="9">38132</subfield>
  </datafield>
  <datafield tag="650" ind1=" " ind2="7">
    <subfield code="a">Edad</subfield>
    <subfield code="2">armarc</subfield>
    <subfield code="9">29734</subfield>
  </datafield>
  <datafield tag="700" ind1="1" ind2="0">
    <subfield code="a">Vargas Irwin, Cristina</subfield>
    <subfield code="4">aut</subfield>
    <subfield code="e">aut</subfield>
    <subfield code="9">622771</subfield>
  </datafield>
  <datafield tag="773" ind1="0" ind2=" ">
    <subfield code="t">Suma Psicol&#xF3;gica (Bogot&#xE1;)</subfield>
    <subfield code="g">Volumen 18, N&#xFA;mero 02, Diciembre 2011, p. 127-137</subfield>
    <subfield code="w">614549</subfield>
    <subfield code="x">0121-4381</subfield>
    <subfield code="0">180134</subfield>
  </datafield>
  <datafield tag="942" ind1=" " ind2=" ">
    <subfield code="c">ARIMP</subfield>
  </datafield>
  <datafield tag="999" ind1=" " ind2=" ">
    <subfield code="c">618010</subfield>
    <subfield code="d">618010</subfield>
  </datafield>
</record>
